La pared de tela de araña (Record no. 188047)

MARC details
000 -LEADER
campo de control de longitud fija 00556nam a2200169 i 4500
001 - NÚMERO DE CONTROL
campo de control 188047
003 - IDENTIFICADOR DE NÚMERO DE CONTROL
campo de control SpMaBN
005 - FECHA Y HORA DE LA ÚLTIMA TRANSACCIÓN
campo de control 20250612063108.0
008 - DATOS DE LONGITUD FIJA--INFORMACIÓN GENERAL
campo de control de longitud fija 180419s1924 sp |||| | spa d
080 ## - NÚMERO DE LA CLASIFICACIÓN DECIMAL UNIVERSAL
Número de la Clasificación Decimal Universal 821.134.2-31"19"
100 1# - ENTRADA PRINCIPAL--NOMBRE DE PERSONA
Nombre de persona Borrás, Tomás,
Fechas asociadas al nombre 1891-1976
9 (RLIN) 30556
245 13 - MENCIÓN DEL TÍTULO
Título La pared de tela de araña
Resto del título : novela /
Mención de responsabilidad, etc. Tomás Borrás.
260 ## - PUBLICACIÓN, DISTRIBUCIÓN, ETC.
Lugar de publicación, distribución, etc. Madrid :
Nombre del editor, distribuidor, etc. Marineda,
Fecha de publicación, distribución, etc. [1924]
300 ## - DESCRIPCIÓN FÍSICA
Extensión 305 p. ;
Dimensiones 19 cm.
852 ## - LOCALIZACIÓN
Ubicación ES-MaACL
Número de control de estantería L-31929
Nota libre . - Donat. herederos de la bibl. de Mª del Pilar Costa Palacín
Holdings
Estatus retirado Estado de pérdida Estado de daño No para préstamo Biblioteca de origen Biblioteca actual Ubicación en estantería Fecha de adquisición Fuente de adquisición Total de préstamos Signatura topográfica completa Código de barras Visto por última vez Precio de reemplazo Tipo de ítem Koha
        Biblioteca del Ateneo de Madrid Biblioteca del Ateneo de Madrid Depósito 2 19/04/2018     L-31929 1198730 23/02/2023 23/02/2023 Libro impreso